| 000 | 01113nam a2200325 c 4500 | ||
|---|---|---|---|
| 003 | BLK | ||
| 005 | 20180420215731.0 | ||
| 008 | 180413b bul|||||r ||||||| ||bul|| | ||
| 010 | _aKNG00024369000 | ||
| 040 | _aBLK | ||
| 041 |
_aBUL _cBUL |
||
| 080 |
_aМорско корабоплаване _b656.61 _x.08(091) _z656.61.08(091) |
||
| 100 | 1 |
_aМасон, Филип _eпърви автор _9266110 |
|
| 139 |
_aМасон, Филип _bМ 37 |
||
| 245 | 1 | 0 |
_aТитаник _cФилип Масон. |
| 257 | _aFRA | ||
| 260 |
_аСофия _bБибл. 48 _c1998 _fВ. Търново : Абагар |
||
| 300 |
_a192 с. _bсъс сх., 4 л. ил., табл. _c20 см |
||
| 380 | _a62 | ||
| 490 | 1 | _aБиблиотека 48 | |
| 500 | _aДруги прев. : Хр. Даиев, Е. Петрова, М. Миланов. - 2 000 тир. | ||
| 650 | 4 |
_aКорабокрушения - история _9159412 |
|
| 653 | _aкорабокрушения | ||
| 653 | _aТитаник | ||
| 852 | _aЦб 196967 | ||
| 856 | 4 |
_qpdf _u |
|
| 856 | 4 |
_qpdf _u |
|
| 942 |
_cKNG _n0 |
||
| 944 |
_aCR _c15.01.2003 _kAB_DOS |
||
| 944 |
_aED _c15.01.2003 _k |
||
| 999 |
_c22034 _d22034 |
||